00772nam a22001577a 450000100060000000300090000600500170001500800480003204000220008011000920010224502560019426000420045030000220049249000500051483000500056400260DO-SdBNP20151203101220.0151203b 1996 dr xxu||||| |||| 00| 0 spa d aBPMSUbspacBPMSU2 bRepública Dominicana. cSecretaría de Estado de Educación, Bellas Artes y Cultos.00aLibros de texto del nuevo curriculum : criterios, contenidos generales y especificiones técnicas para su elaboración y evaluación :b criterios, contenidos generales y especificiones técnicas para su elaboración y evaluación /cSEEBAC-BIB. aSanto Domingo : bSEEBAC-BIB, c1996. a214 p. :c23 cm.1 aFortalecimiento Institucional, nivel básico 0aFortalecimiento Institucional, nivel básico